Normal view
MARC view
- Joseph LeMay, Eugene Harrison
Entry Personal Name
001 - CONTROL NUMBER
- control field: 133752
003 - CONTROL NUMBER IDENTIFIER
- control field: NUST
005 - DATE AND TIME OF LATEST TRANSACTION
- control field: 20260325154618.0
008 - FIXED-LENGTH DATA ELEMENTS
- fixed length control field: 260325|| aca||aabn | a|a d
040 ## - CATALOGING SOURCE
- Original cataloging agency: NUST
- Transcribing agency: NUST
100 ## - HEADING--PERSONAL NAME
- Personal name: Joseph LeMay, Eugene Harrison
670 ## - SOURCE DATA FOUND
- Source citation: Work cat.: (NUST): Joseph LeMay, Eugene Harrison., Environmental land use problems: A study of northern New Jersey /, 1974.
